000 01797nam a2200349Ia 4500
003 OSt
005 20200715112250.0
008 191128s2007 ck ad gr 000 0 spa d
020 _a9789586827515
040 _aCO-JMCR
_cCO-JMCR
041 0 _aspa
082 0 4 _a330.9861 /
_bC911i
_223
100 1 _aCárdenas S., Mauricio,
_eautor
_96536
245 1 0 _aIntroducción a la económica colombiana /
_cMauricio Cárdenas S. ; colaboradores Roberto Junguito, Camilo García, Maria Fernanda Rosales, Catalina Herrera [y otros 2]
250 _a2a. Edición
260 _aBogotá :
_bAlfaomega, Fedesarrollo,
_c2007.
300 _axxii, 549 páginas :
_bilustraciones, gráficos a blanco y negro ;
_c24 cm.
505 0 _aProducción e ingresos -- Crecimiento económico -- Econ{omia e instituciones -- Sector externo -- Las finanzas públicas -- Dinero, precios y tasas de cambio -- Mercado finaciero -- El mercado del trabajo -- Pobreza y desigualdad -- La política social
520 0 _aEl contenido de este libro es de interés para profesionales y estudiantes de múltiples disciplinas como: ciencias políticas, derecho, ingienerías, administración y economía. También puede ser de utilidad para periodistas, especialmente
650 1 4 _aEconomía colombiana
_97289
650 2 4 _aEstructura económica.
_96843
650 2 4 _aCrecimiento económico
_93636
650 2 4 _aHacienda pública
_xMercados
_97290
650 2 4 _aSector público
_xSector externo
_97291
650 2 4 _aProblemas sociales
_97292
650 2 4 _aDesarrollo económico
_97293
700 1 _aJunguito, Roberto,
_ecolaborador
_97213
700 1 _aGarcía, Camilo,
_ecolaborador
_97258
700 1 _aRosales, Mária Fernanda,
_ecolaboradora
_97259
700 1 _aHerrera, Catalina,
_ecolaboradora
_97288
942 _2ddc
_cBK
999 _c4724
_d4724